000 01518naa a22003377a 4500
001 BR8905415
003 BR-BrBNA
005 20240918180543.0
007 ta
008 230509b bl.||||| |||| 00| 0 por d
040 _aBR-BrBNA
_bpor
_cBiblioteca Nacional de Agricultura
041 _a(Pt)
072 _aE10; E70
_b/G514
090 _aE10 BR8905415
100 1 _aAbdallah, P.R.
100 1 _aMaciel, T.J.L.
100 1 _aTeixeira, E.C.
111 1 _a27. Congresso Brasileiro de Economia e Sociologia Rural
_cPiracicaba, SP (Brazil)
_d24-28 Jul 1989
245 1 _aO impacto inflacionario sobre a razao de paridade dos precos agricolas
260 3 _aBrasilia, DF (Brasil):
_c1989.
500 _aOliveira, A.J. de; Lopes, I.V.; Vieira, R. de C.M.T.; Joi, S.M. (Coords.) Anais do 27. Congresso Brasileiro de Economia e Sociologia Rural. A agricultura numa economia em crise: trabalhos de pesquisa Brasilia, DF (Brasil): 1989. p. 52-61 (BR8905415-AM)E10
650 _aPRODUTO
650 _aMERCADO
650 _aCONSUMO
650 _aINFLACAO
650 _aPRECO
650 _aINSUMO
773 0 _tAnais do 27. Congresso Brasileiro de Economia e Sociologia Rural. A agricultura numa economia em crise: trabalhos de pesquisa
_aOliveira, A.J. de; Lopes, I.V.; Vieira, R. de C.M.T.; Joi, S.M. (Coords.). Sociedade Brasileira de Economia e Sociologia Rural, Brasilia, DF (Brasil)
_b
_wE10 BR8905415
_gBrasilia, DF (Brasil), 1989. p. 52-61
909 _a202404
_bLucia
_c55
_dLucia Elande
942 _cAM
_2AGRIS
999 _c321025
_d321025